pilotes de rallyes Français - Statistiques

Statistiques générales
  • Ce quiz a été pris 13 fois
  • Le résultat moyen est 6 sur 16
Statistiques - réponses
Par images Réponse % Correct
Michele Mouton
100%
Didier Auriol
83%
François Delecour
75%
Gilles Panizzi
67%
Jean Ragnotti
58%
Philippe Bugalski
50%
Bernard Darniche
25%
Guy Frequelin
25%
Jean Claude Andruet
25%
Bernard Beguin
17%
Jean Pierre Nicolas
17%
Alain Oreille
8%
Christine Dacremont
0%
Guy Chasseuil
0%
Jacques Henry
0%
Jean Luc Therier
0%
Aucun quiz correspondant
Distribution des résultats
% des personnes avec chaque résultat
Percentile par nombre de réponses
Votre historique - résultats
Vous n’avez pas pris ce quiz